| 000 | 00486cam a2200157 a 4500 | ||
|---|---|---|---|
| 999 |
_c828 _d828 |
||
| 020 | _a9988760000 | ||
| 050 | 0 | 0 |
_aHD9200.A2 _bA6 |
| 100 | 1 | _aAmoah, J. E. K. | |
| 245 | 1 | 0 |
_aDevelopment of consumption, commercial production and marketing / _cJ.E.K. Amoah. |
| 260 |
_aAccra-North, Ghana : _bJemre Enterprises, _cc1995. |
||
| 300 |
_axi, 114 p. : _bill. ; _c23 cm. |
||
| 440 | 0 | _aCocoa outline series ; | |
| 650 | 0 |
_aCocoa trade _xHistory. |
|
| 650 | 0 |
_aCocoa _xMarketing _xHistory. |
|
| 942 | _cBK | ||